La evaluación de los aprendizajes en el debate didáctico contemporáneo

Gespeichert in:
Bibliographische Detailangaben
Hauptverfasser: De Camilloni, Alicia R. W (VerfasserIn), Celman, Susana (VerfasserIn), Palou de Maté, M. del Carmen (VerfasserIn)
Weitere Verfasser: Litwin, Edith (autora)
Format: Buch
Sprache:Spanisch
Veröffentlicht: Buenos Aires Paidós 1998
Ausgabe:1a. ed
Schriftenreihe:Colección Paidos Educador, 129
Schlagworte:
Tags: Tag hinzufügen
Keine Tags, Fügen Sie den ersten Tag hinzu!

MARC

LEADER 00000nam a2200000 a 4500
001 UCP3844
003 CL-VaPUC
008 990709e19980000AG |||||||||||||||||spa|d
020 |a 9501221296 
082 0 4 |a 371.27  |b DEC  |2 21 
100 0 |a De Camilloni, Alicia R. W  |e author  |9 431222 
700 0 |a Celman, Susana  |e author  |9 431223 
700 |a Litwin, Edith  |e autora  |9 602145 
700 0 |a Palou de Maté, M. del Carmen  |e author  |9 431225 
245 1 3 |a La evaluación de los aprendizajes en el debate didáctico contemporáneo 
250 |a 1a. ed 
300 |a 176 p 
942 |c BK 
945 |d 19990709 00:00:00  |a rbrito 
260 |a Buenos Aires  |b Paidós  |c 1998 
650 0 |a Evaluación de la educación   |9 237505 
650 7 |a RENDIMIENTO  |2 CL-VaPUC  |9 260872 
650 0 |a Autoevaluación   |9 307807 
583 |a last modification  |c 19990709 00:00:00  |k Rodrigo Vera 
490 0 |a Colección Paidos Educador, 129 
999 |c 281999  |d 281997 
952 |0 0  |1 0  |4 0  |6 371_270000000000000_DEC_1998  |7 0  |8 A  |9 323185  |a BIBTEO  |b BIBTEO  |d 2019-11-20  |i 3524965  |o 371.27 DEC 1998  |p 3524965  |r 2025-01-17  |w 2019-11-20  |y BK  |k ICR 
952 |0 0  |1 0  |4 0  |6 371_270000000000000_DEC_1998  |7 0  |8 A  |9 323186  |a FDOPOS  |b FDOPOS  |d 2019-11-20  |i 3680711  |o 371.27 DEC 1998  |p 3680711  |r 2025-01-22  |w 2019-11-20  |y BK  |k MLA 
952 |0 0  |1 0  |4 0  |6 371_270000000000000_DEC_1998  |7 0  |8 R  |9 323187  |a BIBHIS  |b BIBHIS  |d 2019-11-20  |i 4664272  |o 371.27 DEC 1998  |p 4664272  |r 2024-01-30  |w 2019-11-20  |y BK_R  |k HIS